[Event "DVM U20w 2023"]
[Site "Magdeburg GER"]
[Date "2023.12.27"]
[Round "2"]
[White "Thiele, Lea-Marie"]
[Black "Bohatyrova, Mariia"]
[Result "1-0"]
[Termination "normal"]
[Board "10.3"]
[WhiteElo "1337"]
[BlackElo "1341"]
[WhiteClock "01:21:39"]
[BlackClock "00:00:33"]
[WhiteTeam "SK Lehrte 1919"]
[BlackTeam "SV Erkenschwick 1923"]
[PlyCount "55"]
[WhiteFideId "16298616"]
[BlackFideId "34165789"]
[EventCountry "GER"]
[EventRounds "7"]
[EventType "team-swiss"]
[EventDate "2023.12.26"]

1. d4 {[%clk 01:30:58]} d5 {[%clk 01:30:56]} {[%emt 00:00:05]} 2. c4 {[%clk
01:31:20]} {[%emt 00:00:08]} e6 {[%clk 01:31:17]} {[%emt 00:00:08]} 3. Nc3
{[%clk 01:31:43]} {[%emt 00:00:09]} Nf6 {[%clk 01:31:39]} {[%emt 00:00:06]} 4.
Bg5 {[%clk 01:32:03]} {[%emt 00:00:11]} Be7 {[%clk 01:32:01]} {[%emt 00:00:08]}
5. Nf3 {[%clk 01:32:22]} {[%emt 00:00:10]} O-O {[%clk 01:32:21]} {[%emt
00:00:10]} 6. e3 {[%clk 01:32:45]} {[%emt 00:00:09]} h6 {[%clk 01:32:41]}
{[%emt 00:00:10]} 7. Bf4 {[%clk 01:33:09]} {[%emt 00:00:05]} b6 {[%clk
01:32:09]} {[%emt 00:01:02]} 8. cxd5 {[%clk 01:32:23]} {[%emt 00:01:17]} Nxd5
{[%clk 01:32:11]} {[%emt 00:00:28]} 9. Nxd5 {[%clk 01:32:26]} {[%emt 00:00:26]}
exd5 {[%clk 01:32:00]} {[%emt 00:00:41]} 10. Bd3 {[%clk 01:32:45]} {[%emt
00:00:10]} Be6 {[%clk 01:32:16]} {[%emt 00:00:13]} 11. Ne5 {[%clk 01:28:57]}
{[%emt 00:04:20]} c5 {[%clk 01:13:25]} {[%emt 00:19:19]} 12. Qh5 {[%clk
01:28:15]} {[%emt 00:01:11]} Bg5 {[%clk 01:10:22]} {[%emt 00:03:34]} 13. g3
{[%clk 01:28:26]} {[%emt 00:00:20]} cxd4 {[%clk 00:53:29]} {[%emt 00:17:22]}
14. h4 {[%clk 01:27:14]} {[%emt 00:01:42]} Bxf4 {[%clk 00:50:01]} {[%emt
00:03:57]} 15. gxf4 {[%clk 01:27:39]} {[%emt 00:00:05]} Qf6 {[%clk 00:44:32]}
{[%emt 00:05:57]} 16. Rg1 {[%clk 01:26:20]} {[%emt 00:01:50]} Nd7 {[%clk
00:39:13]} {[%emt 00:05:49]} 17. Rg5 {[%clk 01:26:07]} {[%emt 00:00:32]} Nc5
{[%clk 00:33:41]} {[%emt 00:06:14]} 18. Bf5 {[%clk 01:24:46]} {[%emt 00:01:50]}
Ne4 {[%clk 00:29:56]} {[%emt 00:04:16]} 19. Ng4 {[%clk 01:24:03]} {[%emt
00:01:13]} Qxg5 {[%clk 00:24:10]} {[%emt 00:06:16]} 20. hxg5 {[%clk 01:23:39]}
{[%emt 00:00:54]} Bxf5 {[%clk 00:24:30]} {[%emt 00:00:11]} 21. gxh6 {[%clk
01:23:08]} {[%emt 00:01:01]} g6 {[%clk 00:14:31]} {[%emt 00:10:26]} 22. Qh4
{[%clk 01:22:38]} {[%emt 00:01:00]} Bxg4 {[%clk 00:14:31]} {[%emt 00:00:33]}
23. Qxg4 {[%clk 01:22:51]} {[%emt 00:00:16]} d3 {[%clk 00:14:23]} {[%emt
00:00:37]} 24. f5 {[%clk 01:22:12]} {[%emt 00:01:10]} d2+ {[%clk 00:14:15]}
{[%emt 00:00:37]} 25. Ke2 {[%clk 01:22:19]} {[%emt 00:00:24]} Rad8 {[%clk
00:00:36]} {[%emt 00:14:07]} 26. fxg6 {[%clk 01:22:15]} {[%emt 00:00:35]} f5
{[%clk 00:00:34]} {[%emt 00:00:32]} 27. Qf4 {[%clk 01:22:08]} {[%emt 00:00:34]}
Rde8 {[%clk 00:00:33]} {[%emt 00:00:36]} 28. Qc7 {[%clk 01:21:39]} {[%emt
00:00:57]} 1-0

[Event "DVM U20w 2023"]
[Site "Magdeburg GER"]
[Date "2023.12.27"]
[Round "2"]
[White "Kaempf, Laura"]
[Black "Daoud, Shahnaz"]
[Result "1-0"]
[Termination "normal"]
[Board "10.4"]
[WhiteElo "1230"]
[BlackElo "1346"]
[WhiteClock "00:47:18"]
[BlackClock "00:30:36"]
[WhiteTeam "SV Erkenschwick 1923"]
[BlackTeam "SK Lehrte 1919"]
[PlyCount "99"]
[WhiteFideId "34635335"]
[BlackFideId "16297750"]
[EventCountry "GER"]
[EventRounds "7"]
[EventType "team-swiss"]
[EventDate "2023.12.26"]

1. d4 {[%clk 01:30:56]} {[%emt 00:00:03]} d5 {[%clk 01:30:57]} {[%emt
00:00:04]} 2. c4 {[%clk 01:31:11]} {[%emt 00:00:14]} Nf6 {[%clk 01:31:21]}
{[%emt 00:00:06]} 3. Nc3 {[%clk 01:31:26]} {[%emt 00:00:14]} Bf5 {[%clk
01:30:59]} {[%emt 00:00:53]} 4. e3 {[%clk 01:30:35]} {[%emt 00:01:22]} e6
{[%clk 01:30:34]} {[%emt 00:00:54]} 5. Nf3 {[%clk 01:29:49]} {[%emt 00:01:16]}
Be7 {[%clk 01:29:13]} {[%emt 00:01:51]} 6. Bd3 {[%clk 01:26:48]} {[%emt
00:03:31]} Bxd3 {[%clk 01:28:52]} {[%emt 00:00:52]} 7. Qxd3 {[%clk 01:26:44]}
{[%emt 00:00:34]} Nbd7 {[%clk 01:25:42]} {[%emt 00:03:40]} 8. c5 {[%clk
01:24:29]} {[%emt 00:02:44]} c6 {[%clk 01:24:15]} {[%emt 00:01:57]} 9. Bd2
{[%clk 01:21:42]} {[%emt 00:03:17]} Qc7 {[%clk 01:23:17]} {[%emt 00:01:27]} 10.
e4 {[%clk 01:16:49]} {[%emt 00:05:24]} dxe4 {[%clk 01:18:17]} {[%emt 00:05:29]}
11. Nxe4 {[%clk 01:16:48]} {[%emt 00:00:32]} Nd5 {[%clk 01:17:13]} {[%emt
00:01:36]} 12. O-O {[%clk 01:11:38]} {[%emt 00:05:39]} O-O {[%clk 01:12:32]}
{[%emt 00:05:11]} 13. Rfe1 {[%clk 01:05:09]} {[%emt 00:06:57]} e5 {[%clk
00:59:07]} {[%emt 00:13:57]} 14. Nxe5 {[%clk 00:59:17]} {[%emt 00:06:22]} Nxe5
{[%clk 00:57:44]} {[%emt 00:01:53]} 15. dxe5 {[%clk 00:59:12]} {[%emt
00:00:35]} Qxe5 {[%clk 00:53:05]} {[%emt 00:05:08]} 16. Ng5 {[%clk 00:58:41]}
{[%emt 00:01:03]} Qxg5 {[%clk 00:45:18]} {[%emt 00:08:17]} 17. Bxg5 {[%clk
00:58:53]} {[%emt 00:00:18]} Bxg5 {[%clk 00:45:43]} {[%emt 00:00:04]} 18. a3
{[%clk 00:56:29]} {[%emt 00:02:52]} Bf6 {[%clk 00:43:30]} {[%emt 00:02:46]} 19.
Rab1 {[%clk 00:55:27]} {[%emt 00:01:31]} Rad8 {[%clk 00:43:13]} {[%emt
00:00:48]} 20. Qf3 {[%clk 00:53:29]} {[%emt 00:02:27]} a5 {[%clk 00:40:48]}
{[%emt 00:02:56]} 21. Re2 {[%clk 00:48:52]} {[%emt 00:05:06]} Rd7 {[%clk
00:38:12]} {[%emt 00:03:04]} 22. Rc1 {[%clk 00:42:21]} {[%emt 00:07:02]} Rfd8
{[%clk 00:31:21]} {[%emt 00:07:22]} 23. h3 {[%clk 00:39:37]} {[%emt 00:03:15]}
h6 {[%clk 00:28:49]} {[%emt 00:03:02]} 24. Rce1 {[%clk 00:37:29]} {[%emt
00:02:36]} Be7 {[%clk 00:19:13]} {[%emt 00:10:07]} 25. b4 {[%clk 00:36:07]}
{[%emt 00:01:51]} axb4 {[%clk 00:18:46]} {[%emt 00:00:58]} 26. axb4 {[%clk
00:36:27]} {[%emt 00:00:10]} g6 {[%clk 00:13:26]} {[%emt 00:05:49]} 27. g4
{[%clk 00:35:21]} {[%emt 00:01:37]} Kg7 {[%emt 00:01:59]} 28. Qb3 {[%clk
00:31:50]} {[%emt 00:03:19]} Bf6 {[%clk 00:08:22]} {[%emt 00:04:46]} 29. Re8
{[%clk 00:28:57]} {[%emt 00:03:23]} Bc3 {[%clk 00:07:44]} {[%emt 00:01:08]} 30.
Rxd8 {[%clk 00:28:36]} {[%emt 00:00:51]} Rxd8 {[%clk 00:08:05]} {[%emt
00:00:10]} 31. Rd1 {[%clk 00:27:51]} {[%emt 00:01:14]} Bf6 {[%clk 00:04:47]}
{[%emt 00:03:49]} 32. b5 {[%clk 00:26:25]} {[%emt 00:01:56]} Be7 {[%clk
00:04:48]} {[%emt 00:00:30]} 33. bxc6 {[%clk 00:26:10]} {[%emt 00:00:44]} bxc6
{[%clk 00:05:09]} {[%emt 00:00:09]} 34. Qb7 {[%clk 00:25:31]} {[%emt 00:01:09]}
Nf4 {[%clk 00:03:06]} {[%emt 00:02:33]} 35. Rxd8 {[%clk 00:24:54]} {[%emt
00:01:07]} Bxd8 {[%clk 00:03:33]} {[%emt 00:00:03]} 36. Kh2 {[%clk 00:21:19]}
{[%emt 00:04:05]} Nd3 {[%clk 00:02:24]} {[%emt 00:01:39]} 37. Qd7 {[%clk
00:16:47]} {[%emt 00:04:55]} Nxc5 {[%clk 00:02:40]} {[%emt 00:00:21]} 38. Qxd8
{[%clk 00:16:54]} {[%emt 00:00:22]} Ne4 {[%clk 00:02:41]} {[%emt 00:00:30]} 39.
Qd4+ {[%clk 00:16:54]} {[%emt 00:00:31]} Nf6 {[%clk 00:03:02]} {[%emt
00:00:09]} 40. Qc3 {[%clk 00:17:06]} {[%emt 00:00:17]} c5 {[%clk 00:02:17]}
{[%emt 00:01:16]} 41. Qxc5 {[%clk 00:17:14]} {[%emt 00:00:22]} Ne4 {[%clk
00:02:39]} {[%emt 00:00:08]} 42. Qd4+ {[%clk 00:17:01]} {[%emt 00:00:43]} Nf6
{[%clk 00:02:56]} {[%emt 00:00:14]} 43. f4 {[%clk 00:16:52]} {[%emt 00:00:38]}
g5 {[%clk 00:02:40]} {[%emt 00:00:47]} 44. fxg5 {[%clk 00:17:12]} {[%emt
00:00:10]} hxg5 {[%clk 00:03:04]} {[%emt 00:00:05]} 45. h4 {[%clk 00:17:26]}
{[%emt 00:00:16]} Kg6 {[%clk 00:03:09]} {[%emt 00:00:25]} 46. h5+ {[%clk
00:17:39]} {[%emt 00:00:18]} Kg7 {[%clk 00:01:11]} {[%emt 00:02:27]} 47. Qe5
{[%clk 00:16:44]} {[%emt 00:01:24]} Kh6 {[%clk 00:29:57]} {[%emt 00:01:45]} 48.
Qxf6+ {[%clk 00:46:49]} {[%emt 00:00:26]} Kh7 {[%clk 00:30:15]} {[%emt
00:00:12]} 49. h6 {[%clk 00:46:53]} {[%emt 00:00:26]} Kg8 {[%clk 00:30:36]}
{[%emt 00:00:09]} 50. Qg7# {[%clk 00:47:18]} {[%emt 00:00:04]} 1-0